00720cam a2200217 a 450000100100000000500170001000800410002702000150006804000290008308200180011210000330013024500310016326000340019430000270022865000310025565000350028691000330032104900090035495201220036399900170048500001847620200929165819.0070919s1998 nyu 000 1 eng d a0440220459 aDO-SdBNPbengcLCdBNPHU a813.54bC655d1 aCoben, Harlan,d1962-93997410aDrop Shot /cHarlan Coben. aNew York :bDell Book,c1998. a341, [17] p. ;c18 cm. 4aNovela estadounidense9262 4aLiteratura estadounidense9263 aCatalogación derivada / LC aBNGR 001052708MOaGRbGRcCTd2010-05-10iLF1l0o813.54 C655dp18476-10r2020-06-25w2020-06-25y2ZPréstamo interno c17996d17996